[Event "Praha CZE, Euro Ch U12 (b) 2016"]
[Site "Praha CZE"]
[Date "2016.08.27"]
[Round "9.29"]
[White "Pedoson, Georg Aleksander"]
[Black "Schernthaner, David"]
[Result "1-0"]
[WhiteElo "1944"]
[BlackElo "1844"]
[PlyCount "81"]
[EventDate "2016.08.18"]
[EventType "swiss"]
[EventRounds "9"]
[EventCountry "CZE"]
[SourceTitle "OM OTB B 201907"]
[Source "Opening Master"]
[SourceDate "2019.07.06"]
[SourceVersion "2"]
[SourceVersionDate "2019.07.06"]
[SourceQuality "1"]

1. e4 c5 2. Nf3 d6 3. d4 cxd4 4. Nxd4 Nf6 5. Nc3 Nc6 6. Be2 e5 7. Nb3 Be7 8.
Be3 Be6 9. O-O d5 10. exd5 Nxd5 11. Nxd5 Qxd5 12. c3 Qxd1 13. Rfxd1 f5 14. Nc5
Bc8 15. f3 Bxc5 16. Bxc5 Be6 17. b4 Kf7 18. Bd6 Kf6 19. Rd2 Rhd8 20. Rad1 Rd7
21. b5 Na5 22. Bxe5+ Kxe5 23. Rxd7 Bxd7 24. Rxd7 Kf6 25. c4 Rc8 26. Kf2 h6 27.
f4 g6 28. Rd6+ Kf7 29. Bf3 Rc7 30. b6 axb6 31. Rxb6 Nxc4 32. Bd5+ Kg7 33. Rxb7
Rxb7 34. Bxb7 Kf6 35. Ke2 Ke6 36. Kd3 Na5 37. Bc8+ Kd6 38. Kd4 g5 39. g3 gxf4
40. gxf4 h5 41. h4 1-0

[Event "Abu Dhabi UAE, 23rd Masters Open"]
[Site "Abu Dhabi UAE"]
[Date "2016.08.27"]
[Round "7.57"]
[White "Deshpande, Aniruddha"]
[Black "Khouri, Ahmed Abbas"]
[Result "1-0"]
[WhiteElo "2219"]
[BlackElo "2061"]
[PlyCount "65"]
[EventDate "2016.08.21"]
[EventType "swiss"]
[EventRounds "9"]
[EventCountry "UAE"]
[SourceTitle "OM OTB B 201907"]
[Source "Opening Master"]
[SourceDate "2019.07.06"]
[SourceVersion "2"]
[SourceVersionDate "2019.07.06"]
[SourceQuality "1"]

1. e4 c5 2. Nf3 d6 3. d4 cxd4 4. Nxd4 Nf6 5. Nc3 Nc6 6. Be2 e5 7. Nb3 h6 8. O-O
Be7 9. f4 O-O 10. Kh1 a5 11. a4 Be6 12. f5 Bxb3 13. cxb3 Nb4 14. Bc4 Nd7 15.
Nd5 Nxd5 16. Qxd5 Qc7 17. Be3 Nb6 18. Qd3 Nxc4 19. bxc4 Bf6 20. b3 Qc6 21. Rad1
Rfd8 22. Qc2 Rd7 23. Rd5 b6 24. Qf2 Rb8 25. h4 Kf8 26. g4 Be7 27. g5 hxg5 28.
f6 gxf6 29. Bxg5 Ke8 30. Bxf6 Kd8 31. Bxe7+ Rxe7 32. Qf6 Kd7 33. Rfd1 1-0

[Event "Praha CZE, Euro Ch U16 (b) 2016"]
[Site "Praha CZE"]
[Date "2016.08.25"]
[Round "7.57"]
[White "Piskac, Marek"]
[Black "Solc, Filip"]
[Result "0-1"]
[WhiteElo "1711"]
[BlackElo "1915"]
[PlyCount "142"]
[EventDate "2016.08.18"]
[EventType "swiss"]
[EventRounds "9"]
[EventCountry "CZE"]
[SourceTitle "OM OTB B 201907"]
[Source "Opening Master"]
[SourceDate "2019.07.06"]
[SourceVersion "2"]
[SourceVersionDate "2019.07.06"]
[SourceQuality "1"]

1. e4 c5 2. Nf3 d6 3. d4 cxd4 4. Nxd4 Nf6 5. Nc3 Nc6 6. Be2 e5 7. Nb3 Be6 8.
Bf3 Be7 9. Bg5 h6 10. Bxf6 Bxf6 11. Nd5 Bxd5 12. Qxd5 Qc7 13. c3 O-O 14. O-O
Bg5 15. Rad1 Rad8 16. Qd3 Ne7 17. Nc1 f5 18. exf5 d5 19. Bg4 e4 20. Qb5 Qc6 21.
Qb3 Nxf5 22. Ne2 Qb6 23. Qxb6 axb6 24. Bxf5 Rxf5 25. Nd4 Rf6 26. Nc2 Rfd6 27.
Rfe1 Bf6 28. Nd4 Kf7 29. Kf1 R6d7 30. Ke2 Rc7 31. Kd2 Bxd4 32. cxd4 Rc4 33. Ke3
Rdc8 34. Rd2 b5 35. Kf4 Kf6 36. Ree2 b4 37. b3 Rc3 38. h4 R8c7 39. Kg4 Kg6 40.
h5+ Kf6 41. Kf4 Rf7 42. Re3 g5+ 43. hxg6 Kxg6+ 44. Kg3 Rfc7 45. Kf4 Rf7+ 46.
Ke5 Rf5+ 47. Ke6 Rc6+ 48. Kd7 Rf7+ 49. Kd8 Ra6 50. Rg3+ Kf6 51. Rc2 Ra8+ 52.
Rc8 Rf8+ 53. Kc7 Raxc8+ 54. Kxb7 Rg8 55. Rh3 Rc2 56. Rxh6+ Kg7 57. Rd6 Rxf2 58.
Rxd5 e3 59. Re5 e2 60. d5 Kf7 61. d6 Re8 62. d7 Rxe5 63. d8=Q Re7+ 64. Kc6 e1=Q
65. Qd5+ Qe6+ 66. Qxe6+ Rxe6+ 67. Kb5 Rxa2 68. Kxb4 Rxg2 69. Kc5 Rb2 70. b4
Re5+ 71. Kc4 Re4+ 0-1

[Event "24th Nikaia Open"]
[Site "Nikaia GRE"]
[Date "2016.08.25"]
[Round "1.4"]
[White "Pavlidis, Ana"]
[Black "Nikolaidou, E."]
[Result "1-0"]
[WhiteElo "2380"]
[BlackElo "1795"]
[PlyCount "47"]
[EventDate "2016.08.25"]
[SourceTitle "OM OTB B 201907"]
[Source "Opening Master"]
[SourceDate "2019.07.06"]
[SourceVersion "2"]
[SourceVersionDate "2019.07.06"]
[SourceQuality "1"]

1. e4 c5 2. Nf3 Nc6 3. d4 cxd4 4. Nxd4 Nf6 5. Nc3 d6 6. Be2 e5 7. Nb3 Be7 8.
O-O Be6 9. f4 exf4 10. Bxf4 O-O 11. Kh1 a6 12. Nd4 Nxd4 13. Qxd4 Qa5 14. Bxd6
Bxd6 15. Qxd6 Rfd8 16. Qg3 Nd7 17. Bg4 Re8 18. Rad1 Ne5 19. Bxe6 Rxe6 20. Rf5
Qc7 21. Rdf1 Rf8 22. Nd5 Qd6 23. Nf4 Rf6 24. Nh5 1-0

[Event "FICS rated standard game"]
[Site "FICS freechess.org"]
[Date "2016.08.24"]
[Round "?"]
[White "GMarrecoInter"]
[Black "Triarius"]
[Result "0-1"]
[WhiteElo "1868"]
[BlackElo "2286"]
[PlyCount "68"]
[EventDate "2016.??.??"]

1. e4 c5 2. Nf3 Nc6 3. d4 cxd4 4. Nxd4 Nf6 5. Nc3 d6 6. Be2 e5 7. Ndb5 a6 8.
Na3 b5 9. Nd5 Nxe4 10. O-O Be6 11. c4 b4 12. Nc2 Rb8 13. Bf3 Nc5 14. b3 Be7 15.
Nxe7 Nxe7 16. Bb2 O-O 17. Qd2 Qb6 18. Rad1 Rfd8 19. Qg5 f6 20. Qh4 d5 21. cxd5
Nxd5 22. Rd2 Nf4 23. Rfd1 Rxd2 24. Rxd2 Rd8 25. Rxd8+ Qxd8 26. g3 Qd2 27. gxf4
Qxc2 28. Bxe5 Qg6+ 29. Kf1 fxe5 30. Qd8+ Kf7 31. Qc7+ Nd7 32. fxe5 Qd3+ 33. Kg1
Qxf3 34. Qxd7+ Bxd7 0-1

[Event "FICS rated blitz game"]
[Site "FICS freechess.org"]
[Date "2016.08.24"]
[Round "?"]
[White "pabloasu"]
[Black "CyberPagno"]
[Result "1-0"]
[WhiteElo "1953"]
[BlackElo "2363"]
[PlyCount "139"]
[EventDate "2016.??.??"]
[EventType "blitz"]

1. e4 c5 2. Nf3 Nc6 3. d4 cxd4 4. Nxd4 Nf6 5. Nc3 d6 6. Be2 e5 7. Nxc6 bxc6 8.
O-O Be7 9. Qd3 O-O 10. h3 d5 11. exd5 Nxd5 12. Rd1 Be6 13. Qg3 Nxc3 14. Qxc3
Qc7 15. Be3 Rab8 16. a3 c5 17. b3 Rfc8 18. Bc4 Qc6 19. Rd2 e4 20. Bxe6 Qxe6 21.
Rad1 c4 22. b4 Rb7 23. Rd5 f5 24. Qe5 Qxe5 25. Rxe5 g6 26. g4 Bf6 27. Ra5 fxg4
28. hxg4 Kf7 29. Ra6 Rcc7 30. Rdd6 Be5 31. Re6 Re7 32. Rxe7+ Rxe7 33. Kg2 Bb8
34. Rc6 h5 35. gxh5 gxh5 36. b5 c3 37. Rxc3 Bd6 38. a4 Ke6 39. Rc8 Be5 40. Ra8
Rc7 41. Rxa7 Rxc2 42. b6 Rc8 43. a5 Rg8+ 44. Kh3 h4 45. b7 Kd5 46. Ra8 Rb8 47.
Rxb8 Bxb8 48. a6 Kc6 49. Kxh4 Bd6 50. Kg5 Kc7 51. Bf4 Bxf4+ 52. Kxf4 e3 53.
Kxe3 Kb8 54. Ke4 Ka7 55. Ke5 Kb8 56. Ke6 Kc7 57. f4 Kb6 58. f5 Ka7 59. f6 Kb6
60. f7 Kb5 61. f8=Q Kc4 62. b8=Q Kc3 63. a7 Kd3 64. a8=Q Kc2 65. Qfc8+ Kd2 66.
Qd6+ Ke2 67. Qc4+ Kf2 68. Qcf4+ Ke1 69. Qa1+ Ke2 70. Qdd2# 1-0

[Event "Praha CZE, Euro Ch U18 (b) 2016"]
[Site "Praha CZE"]
[Date "2016.08.19"]
[Round "2.10"]
[White "Blahynka, Martin"]
[Black "Havelka, Josef"]
[Result "1-0"]
[WhiteElo "2431"]
[BlackElo "2277"]
[PlyCount "75"]
[EventDate "2016.08.18"]
[EventType "swiss"]
[EventRounds "9"]
[EventCountry "CZE"]
[SourceTitle "OM OTB B 201907"]
[Source "Opening Master"]
[SourceDate "2019.07.06"]
[SourceVersion "2"]
[SourceVersionDate "2019.07.06"]
[SourceQuality "1"]

1. e4 c5 2. Nf3 d6 3. d4 cxd4 4. Nxd4 Nf6 5. Nc3 Nc6 6. Be2 e5 7. Nf3 h6 8. O-O
Be7 9. Re1 O-O 10. h3 Be6 11. Bf1 Rc8 12. Nd5 Bxd5 13. exd5 Nb8 14. c4 Nbd7 15.
b4 Re8 16. Qb3 b5 17. cxb5 Nb6 18. Rd1 Qd7 19. Be3 Bd8 20. a4 e4 21. Bxb6 Bxb6
22. Nd4 Bxd4 23. Rxd4 Qf5 24. Rad1 e3 25. fxe3 Ne4 26. Qb2 Nc3 27. R1d3 Nxa4
28. Qa1 Nb6 29. Qxa7 Nc4 30. Rf4 Qe5 31. Qxf7+ Kh8 32. e4 Nb2 33. Rdf3 Nd1 34.
Kh1 Nc3 35. b6 Rb8 36. b7 Nxe4 37. Bd3 Ng5 38. Qf8+ 1-0

[Event "FICS rated standard game"]
[Site "FICS freechess.org"]
[Date "2016.08.16"]
[Round "?"]
[White "arstjg"]
[Black "GriffyJr"]
[Result "0-1"]
[WhiteElo "2022"]
[BlackElo "2018"]
[PlyCount "98"]
[EventDate "2016.??.??"]

1. e4 c5 2. Nf3 Nc6 3. d4 cxd4 4. Nxd4 Nf6 5. Nc3 d6 6. Be2 e5 7. Nb3 Be7 8.
Bg5 h6 9. Bxf6 Bxf6 10. O-O O-O 11. Nd5 Bd7 12. Qd2 Bg5 13. f4 exf4 14. Nxf4
Bf6 15. c3 Qb6+ 16. Kh1 Ne7 17. Rad1 Bc6 18. Bf3 Bb5 19. Rfe1 Be5 20. Nd4 Ba4
21. b3 Bd7 22. Nd5 Nxd5 23. exd5 Rfe8 24. Be4 Rac8 25. c4 Bg4 26. Nf3 g5 27.
Qd3 Re7 28. Nxe5 Bxd1 29. Nxf7 Rxf7 30. Rxd1 Rf2 31. Bf3 Kg7 32. Re1 Rxa2 33.
Bh5 Kh8 34. Qg6 Qf2 35. Qxh6+ Kg8 36. Qxg5+ Kh8 37. Qh6+ Kg8 38. Qe6+ Kh7 39.
Qd7+ Kh6 40. Re6+ Kxh5 41. Qh7+ Kg5 42. h4+ Qxh4+ 43. Qxh4+ Kxh4 44. Rxd6 Kg4
45. Rh6 Rb2 46. Rh3 b5 47. cxb5 Rd2 48. Rh7 Rxd5 49. Rxa7 Rc1+ 0-1

[Event "FICS rated standard game"]
[Site "FICS freechess.org"]
[Date "2016.08.11"]
[Round "?"]
[White "arstjg"]
[Black "GriffyJr"]
[Result "1-0"]
[WhiteElo "2008"]
[BlackElo "2048"]
[PlyCount "117"]
[EventDate "2016.??.??"]

1. e4 c5 2. Nf3 d6 3. d4 cxd4 4. Nxd4 Nf6 5. Nc3 Nc6 6. Be2 e5 7. Nb3 Be7 8.
O-O O-O 9. Bg5 Be6 10. Bxf6 Bxf6 11. Qd2 Bg5 12. Qd3 Nb4 13. Qd1 Qb6 14. a3
Nxc2 15. Qxc2 Bxb3 16. Qb1 Rac8 17. Nd5 Qd4 18. Qd3 Bxd5 19. Qxd4 exd4 20. exd5
Rc2 21. Bf3 Bf4 22. Rab1 Re8 23. Rfd1 Bd2 24. Bg4 Re5 25. Bf3 Re8 26. Bg4 g6
27. Bd7 Re2 28. Bb5 Re7 29. Bd3 Rec7 30. Bxc2 Rxc2 31. g3 Kg7 32. b4 Kf6 33.
Rb3 Ke5 34. Rd3 Bc3 35. Rf3 f5 36. g4 fxg4 37. Rf7 Bb2 38. Rxb7 Bxa3 39. Rxa7
Bxb4 40. Rxh7 Kxd5 41. Rg7 Rd2 42. Rxd2 Bxd2 43. Rxg6 d3 44. Kf1 Bf4 45. Rxg4
Bxh2 46. Ke1 Be5 47. Kd2 Bd4 48. f3 Kc4 49. f4 Bc3+ 50. Kd1 Bd4 51. f5 d5 52.
f6 Kc3 53. f7 Bc5 54. Rf4 Bf8 55. Ra4 d4 56. Ra8 Bc5 57. Rc8 Kb4 58. Rxc5 Ka3
59. f8=Q 1-0

[Event "Buenos Aires ARG, 26th Rubinstein Mem"]
[Site "Buenos Aires ARG"]
[Date "2016.08.10"]
[Round "6.4"]
[White "Strok, Boris"]
[Black "Mirada, Luciano"]
[Result "1/2-1/2"]
[WhiteElo "1982"]
[BlackElo "1833"]
[PlyCount "91"]
[EventDate "2016.08.06"]
[EventType "swiss"]
[EventRounds "8"]
[EventCountry "ARG"]
[SourceTitle "OM OTB B 201907"]
[Source "Opening Master"]
[SourceDate "2019.07.06"]
[SourceVersion "2"]
[SourceVersionDate "2019.07.06"]
[SourceQuality "1"]

1. e4 c5 2. Nf3 Nc6 3. Nc3 d6 4. d4 cxd4 5. Nxd4 Nf6 6. Be2 e5 7. Nxc6 bxc6 8.
O-O Be7 9. Kh1 Be6 10. f4 exf4 11. Bxf4 O-O 12. Bf3 d5 13. e5 Nd7 14. Bg4 Nc5
15. b4 Bxg4 16. Qxg4 Ne6 17. Bd2 Bg5 18. Be1 Qb8 19. Bg3 Bd2 20. Be1 Bxc3 21.
Bxc3 d4 22. Bd2 Qxe5 23. Rae1 Qb5 24. Rf5 Qc4 25. Qe4 Rae8 26. h4 g6 27. Ra5
Ng7 28. Qd3 Rxe1+ 29. Bxe1 Qxd3 30. cxd3 Re8 31. Bf2 Nf5 32. Rxa7 Re2 33. Kg1
Rb2 34. g4 Ne3 35. Bxe3 dxe3 36. Re7 Rxb4 37. Re4 Rb1+ 38. Kg2 Rb2+ 39. Kf3
Rxa2 40. Kxe3 Rc2 41. Rc4 Rxc4 42. dxc4 Kf8 43. Kd4 Ke7 44. Kc5 Kd7 45. g5 Kc7
46. Kd4 1/2-1/2

[Event "Praha CZE, Summer Open-B 2016"]
[Site "Praha CZE"]
[Date "2016.08.09"]
[Round "6.2"]
[White "Probst, Alexander"]
[Black "Bilek, Roman"]
[Result "1-0"]
[WhiteElo "2016"]
[BlackElo "1880"]
[PlyCount "155"]
[EventDate "2016.08.05"]
[EventType "swiss"]
[EventRounds "9"]
[EventCountry "CZE"]
[SourceTitle "OM OTB B 201907"]
[Source "Opening Master"]
[SourceDate "2019.07.06"]
[SourceVersion "2"]
[SourceVersionDate "2019.07.06"]
[SourceQuality "1"]

1. e4 c5 2. Nf3 Nc6 3. d4 cxd4 4. Nxd4 Nf6 5. Nc3 d6 6. Be2 e5 7. Nb3 Be7 8.
Bg5 O-O 9. Qd2 a5 10. a4 Be6 11. O-O Qb6 12. Bxf6 Bxf6 13. Nd5 Bxd5 14. Qxd5
Nb4 15. Qd2 Rac8 16. c3 Nc6 17. Bb5 Rfd8 18. Qd3 Ne7 19. c4 Nc6 20. Qc3 Nb4 21.
Rad1 Bg5 22. g3 g6 23. Kg2 Bh6 24. Na1 Bg7 25. Qd2 Qc7 26. h4 h5 27. Nc2 Nxc2
28. Qxc2 b6 29. Rd5 Bf6 30. Qe2 Kg7 31. Rfd1 Qe7 32. Qd3 Qb7 33. f3 Be7 34. Kh3
Rc5 35. b3 Qc8+ 36. Kg2 Qe6 37. Ba6 Qf6 38. Qe3 Qe6 39. Bb7 Qf6 40. R5d2 Qe6
41. Bd5 Qf6 42. Rf2 g5 43. hxg5 Qxg5 44. f4 exf4 45. Rxf4 f6 46. Qf3 Rh8 47.
Rh1 Rcc8 48. Qf2 Rb8 49. Rhh4 Kf8 50. Rf5 Qg6 51. Qf4 Ke8 52. Be6 Kd8 53. Qf3
Qh6 54. Rd5 Kc7 55. Rhxh5 Qc1 56. Rxh8 Rxh8 57. Rh5 Qd2+ 58. Kh3 Rh6 59. Qf5
Qe3 60. Rxh6 Qxh6+ 61. Kg4 Qg5+ 62. Qxg5 fxg5 63. Kf5 Kd8 64. Kg6 Ke8 65. Bg4
Bd8 66. Be6 Be7 67. Kf5 Kd8 68. g4 Ke8 69. Bc8 Kd8 70. Ke6 Ke8 71. Ba6 Bf8 72.
Bb5+ Kd8 73. Bc6 Be7 74. Kf7 d5 75. cxd5 Bc5 76. e5 Bd4 77. Ke6 Bc5 78. d6 1-0

[Event "Poznan POL, 24th Open"]
[Site "Poznan POL"]
[Date "2016.08.09"]
[Round "2.35"]
[White "Gajewski, Zbigniew"]
[Black "Jarmuzek, Karolina"]
[Result "0-1"]
[WhiteElo "1435"]
[BlackElo "1727"]
[PlyCount "64"]
[EventDate "2016.08.08"]
[EventType "swiss"]
[EventRounds "9"]
[EventCountry "POL"]
[SourceTitle "OM OTB B 201907"]
[Source "Opening Master"]
[SourceDate "2019.07.06"]
[SourceVersion "2"]
[SourceVersionDate "2019.07.06"]
[SourceQuality "1"]

1. e4 c5 2. Nf3 Nc6 3. d4 cxd4 4. Nxd4 Nf6 5. Nc3 d6 6. Be2 e5 7. Nb3 Be7 8.
O-O O-O 9. Be3 a5 10. a4 Nb4 11. f4 Qc7 12. Rc1 b6 13. f5 Bb7 14. Nd2 d5 15.
exd5 Nbxd5 16. Nxd5 Nxd5 17. Bf2 Rad8 18. Bf3 Bg5 19. Qe1 Nb4 20. Be3 Bf6 21.
Bxb7 Qxb7 22. Nc4 Nd5 23. b3 Qc7 24. Qf2 Rb8 25. Rcd1 Nxe3 26. Qxe3 b5 27. axb5
Rxb5 28. Ra1 Rd8 29. Qe1 Rdd5 30. Rf3 h6 31. Qe2 e4 32. Qxe4 Bxa1 0-1

[Event "Medellin COL, Feria de las Flores 2016"]
[Site "Medellin COL"]
[Date "2016.08.05"]
[Round "5.20"]
[White "Sadusea, Johnny"]
[Black "Osorio, Alejandro"]
[Result "0-1"]
[WhiteElo "2115"]
[BlackElo "1987"]
[PlyCount "70"]
[EventDate "2016.08.03"]
[EventType "swiss"]
[EventRounds "9"]
[EventCountry "COL"]
[SourceTitle "OM OTB B 201907"]
[Source "Opening Master"]
[SourceDate "2019.07.06"]
[SourceVersion "2"]
[SourceVersionDate "2019.07.06"]
[SourceQuality "1"]

1. e4 c5 2. Nf3 Nc6 3. d4 cxd4 4. Nxd4 Nf6 5. Nc3 d6 6. Be2 e5 7. Nb3 Be6 8.
Bg5 Be7 9. Qd2 h6 10. Bxf6 Bxf6 11. O-O a6 12. Rad1 Nd4 13. Bd3 Bg5 14. Qe1
Bxb3 15. axb3 O-O 16. f3 Rc8 17. Kh1 Rc6 18. Qf2 Qc8 19. g3 b5 20. b4 Bd8 21.
Rd2 Rxc3 22. bxc3 Qxc3 23. Rdd1 Qxb4 24. f4 Qc3 25. Rb1 Bb6 26. fxe5 dxe5 27.
Ra1 a5 28. Bxb5 Nxc2 29. Qxb6 Nxa1 30. Ba4 Nc2 31. Bb3 Ne3 32. Rg1 Qd2 33. Qb5
Qf2 34. h3 Qf3+ 35. Kh2 Rd8 0-1

[Event "POL-chT U20 1st League"]
[Site "Suchedniow"]
[Date "2016.07.31"]
[Round "9.10"]
[White "Madajczak, Piotr"]
[Black "Polczyk, Mikolaj"]
[Result "0-1"]
[WhiteElo "1479"]
[BlackElo "1855"]
[PlyCount "120"]
[EventDate "2016.07.23"]
[EventType "team-tourn"]
[EventRounds "9"]
[EventCountry "POL"]
[SourceTitle "OM OTB B 201907"]
[Source "Opening Master"]
[SourceDate "2019.07.06"]
[SourceVersion "2"]
[SourceVersionDate "2019.07.06"]
[SourceQuality "1"]

1. e4 c5 2. Nf3 d6 3. d4 cxd4 4. Nxd4 Nf6 5. Nc3 Nc6 6. Be2 e5 7. Nb3 h6 8. O-O
Be7 9. Bf3 O-O 10. Re1 Nh7 11. Nd5 Bg5 12. c4 Bxc1 13. Rxc1 Ng5 14. Re3 Nxf3+
15. Qxf3 f5 16. Qd1 fxe4 17. Rxe4 Bf5 18. Re2 Qg5 19. Ne3 Rad8 20. Nxf5 Qxf5
21. f3 Nb4 22. a3 Nd3 23. Rcc2 Rf6 24. Red2 Nf4 25. Nc5 Rf7 26. Rc1 Qg6 27. Ne4
d5 28. cxd5 Rxd5 29. Ng3 Rfd7 30. Rxd5 Rxd5 31. Qc2 Qb6+ 32. Kh1 Qd8 33. Ne4
Ne6 34. h3 Nf4 35. Qb3 Qb6 36. Qxb6 axb6 37. Kh2 Rd7 38. Rc2 Kf7 39. Kg3 Ke6
40. Kf2 g5 41. Ke3 Rd3+ 42. Kf2 Rb3 43. Nd2 Rxb2 44. Rxb2 Nd3+ 45. Ke2 Nxb2 46.
g3 b5 47. Ne4 Nc4 48. Nc5+ Kd5 49. Nxb7 Nxa3 50. Na5 Nc2 51. Kd3 Nd4 52. Ke3
Nf5+ 53. Kf2 b4 54. Nb3 Kc4 55. Nd2+ Kd3 56. Nb3 Nd4 57. Nc5+ Kc2 58. Nd7 b3
59. Nxe5 Kc3 60. f4 b2 0-1

[Event "Montevideo URU, PanAm Ch U18 (b)"]
[Site "Montevideo URU"]
[Date "2016.07.31"]
[Round "9.3"]
[White "Munoz, Francisco Javier"]
[Black "Villegas, Franco"]
[Result "0-1"]
[WhiteElo "2319"]
[BlackElo "2198"]
[PlyCount "84"]
[EventDate "2016.07.25"]
[EventType "swiss"]
[EventRounds "9"]
[EventCountry "URU"]
[SourceTitle "OM OTB B 201907"]
[Source "Opening Master"]
[SourceDate "2019.07.06"]
[SourceVersion "2"]
[SourceVersionDate "2019.07.06"]
[SourceQuality "1"]

1. e4 c5 2. Nf3 d6 3. d4 cxd4 4. Nxd4 Nf6 5. Nc3 Nc6 6. Be2 e5 7. Nf3 h6 8. h3
Be6 9. O-O Be7 10. Re1 O-O 11. Bf1 Rc8 12. Nd5 Bxd5 13. exd5 Nb8 14. Be3 Nbd7
15. c4 b6 16. Nd2 Nh7 17. Ne4 f5 18. Nc3 a6 19. a4 Bg5 20. Ra3 Bxe3 21. Rxe3 e4
22. a5 bxa5 23. Re1 Ne5 24. Qd2 Qh4 25. f4 exf3 26. Qf2 Qg5 27. h4 Qg6 28. Rxa5
fxg2 29. Bxg2 f4 30. Rxa6 f3 31. Rxe5 fxg2 32. Re6 Qd3 33. Qe2 Qf5 34. Kxg2 Nf6
35. Qf3 Qxf3+ 36. Kxf3 Nxd5+ 37. Ke4 Nc7 38. Raxd6 Nxe6 39. Rxe6 Rxc4+ 40. Kd5
Rxh4 41. Ne4 Rb8 42. Nd6 Rxb2 0-1

[Event "FICS rated standard game"]
[Site "FICS freechess.org"]
[Date "2016.07.31"]
[Round "?"]
[White "Yousry"]
[Black "Triarius"]
[Result "1-0"]
[WhiteElo "1917"]
[BlackElo "2304"]
[PlyCount "72"]
[EventDate "2016.??.??"]

1. e4 c5 2. Nf3 Nc6 3. d4 cxd4 4. Nxd4 Nf6 5. Nc3 d6 6. Be2 e5 7. Nf3 h6 8. h3
Be6 9. Be3 Be7 10. Qd2 d5 11. exd5 Nxd5 12. O-O-O Nxe3 13. Qxe3 Qa5 14. Kb1 O-O
15. Bb5 Nd4 16. Nxd4 exd4 17. Rxd4 Bc5 18. Qe5 Bxd4 19. Qxd4 Bxa2+ 20. Kc1 Be6
21. Re1 Rfd8 22. Qe4 Qa1+ 23. Nb1 Ba2 24. Bd3 Qxb1+ 25. Kd2 Rxd3+ 26. Qxd3 Qxb2
27. Re4 Be6 28. Rd4 Qb6 29. f4 g6 30. g4 Qa5+ 31. Kd1 Rc8 32. f5 gxf5 33. gxf5
Qxf5 34. Rg4+ Kh7 35. Qd4 Qxc2+ 36. Ke1 Bxg4 1-0

[Event "Vila Nova de Famalicao POR, 4th Open"]
[Site "Vila Nova de Famalicao POR"]
[Date "2016.07.30"]
[Round "2.6"]
[White "Silva, Mariana Sofia Teixe"]
[Black "Panelo, Marcelo"]
[Result "0-1"]
[WhiteElo "1850"]
[BlackElo "2373"]
[PlyCount "58"]
[EventDate "2016.07.30"]
[EventType "swiss"]
[EventRounds "7"]
[EventCountry "POR"]
[SourceTitle "OM OTB B 201907"]
[Source "Opening Master"]
[SourceDate "2019.07.06"]
[SourceVersion "2"]
[SourceVersionDate "2019.07.06"]
[SourceQuality "1"]

1. e4 c5 2. Nf3 d6 3. d4 cxd4 4. Nxd4 Nf6 5. Nc3 Nc6 6. Be2 e5 7. Nb3 Be7 8.
O-O O-O 9. Be3 a5 10. a4 Nb4 11. Bf3 h6 12. Qe2 Be6 13. Rfd1 b6 14. Rac1 Rc8
15. Nd2 Qc7 16. Nf1 Qb7 17. Ng3 Rfd8 18. Nf5 Bxf5 19. exf5 d5 20. Qb5 Bc5 21.
Bxc5 Rxc5 22. Qe2 Qb8 23. g3 Rdc8 24. Rd2 e4 25. Bg2 Qe5 26. Qe3 Qxf5 27. Qd4
Qh5 28. Rf1 Nc6 29. Qe3 Ng4 0-1

[Event "POL-chT U20 1st League"]
[Site "Suchedniow"]
[Date "2016.07.29"]
[Round "7.16"]
[White "Kulesza, Andrzej"]
[Black "Polczyk, Mikolaj"]
[Result "0-1"]
[WhiteElo "1675"]
[BlackElo "1855"]
[PlyCount "90"]
[EventDate "2016.07.23"]
[EventType "team-tourn"]
[EventRounds "9"]
[EventCountry "POL"]
[SourceTitle "OM OTB B 201907"]
[Source "Opening Master"]
[SourceDate "2019.07.06"]
[SourceVersion "2"]
[SourceVersionDate "2019.07.06"]
[SourceQuality "1"]

1. e4 c5 2. Nf3 d6 3. d4 cxd4 4. Nxd4 Nf6 5. Nc3 Nc6 6. Be2 e5 7. Nb3 h6 8. Bc4
Be7 9. h3 O-O 10. O-O a6 11. Re1 Qc7 12. Nd5 Nxd5 13. Bxd5 Nb4 14. c4 Nxd5 15.
cxd5 f5 16. exf5 Bxf5 17. Be3 Rac8 18. Rc1 Qd7 19. Qh5 Kh7 20. Nd2 Bg6 21. Qe2
b5 22. Nb3 Qf5 23. Na5 e4 24. Nc6 Bh4 25. Qd2 Bf7 26. Red1 Bh5 27. Rf1 Rce8 28.
Nb4 Rf6 29. Kh2 Ref8 30. g3 Qg6 31. gxh4 Bf3 32. Rg1 Qh5 33. Bd4 R6f7 34. Rg3
Qxh4 35. Rcg1 g5 36. Nxa6 g4 37. Nb4 Rf5 38. Nc2 Rh5 39. Rxf3 Rxf3 40. Rg3 Rxg3
41. fxg3 Qxh3+ 42. Kg1 Qh1+ 43. Kf2 Qf3+ 44. Ke1 Rh1+ 45. Bg1 Rxg1# 0-1

[Event "Warszawa POL, 1st IBCA EuroTeam Ch"]
[Site "Warszawa POL"]
[Date "2016.07.29"]
[Round "6.1"]
[White "Van Loy, Rick"]
[Black "Deville, Olivier"]
[Result "1/2-1/2"]
[WhiteElo "1899"]
[BlackElo "1849"]
[PlyCount "62"]
[EventDate "2016.07.24"]
[EventType "team-swiss"]
[EventRounds "9"]
[EventCountry "POL"]
[SourceTitle "OM OTB B 201907"]
[Source "Opening Master"]
[SourceDate "2019.07.06"]
[SourceVersion "2"]
[SourceVersionDate "2019.07.06"]
[SourceQuality "1"]
[WhiteTeam "NETHERLANDS"]
[BlackTeam "FRANCE"]
[WhiteTeamCountry "NED"]
[BlackTeamCountry "FRA"]

1. e4 c5 2. Nf3 d6 3. d4 cxd4 4. Nxd4 Nf6 5. Nc3 Nc6 6. Be2 e5 7. Nb3 Be7 8.
Be3 O-O 9. O-O a5 10. a4 Nb4 11. Bf3 Be6 12. Nd5 Nfxd5 13. exd5 Bf5 14. Rc1 Rc8
15. c3 Nd3 16. Rb1 Nc5 17. Ra1 Ne4 18. Nd2 Nf6 19. c4 e4 20. Be2 Re8 21. g4 Bg6
22. h4 h6 23. g5 hxg5 24. hxg5 Nh7 25. Bg4 Ra8 26. Ra3 Bxg5 27. Bh3 Bxe3 28.
Rxe3 Re5 29. f4 Qb6 30. Qb3 Qxb3 31. Rxb3 Re7 1/2-1/2

[Event "20th Battle of Senta Open"]
[Site "Senta SRB"]
[Date "2016.07.28"]
[Round "8.20"]
[White "Slavic, Nikola"]
[Black "Nagy, At1 SRB"]
[Result "0-1"]
[WhiteElo "1879"]
[BlackElo "2210"]
[PlyCount "102"]
[EventDate "2016.07.22"]
[SourceTitle "OM OTB B 201907"]
[Source "Opening Master"]
[SourceDate "2019.07.06"]
[SourceVersion "2"]
[SourceVersionDate "2019.07.06"]
[SourceQuality "1"]

1. e4 c5 2. Nf3 d6 3. d4 cxd4 4. Nxd4 Nf6 5. Nc3 Nc6 6. Be2 e5 7. Nb3 Be7 8.
Be3 O-O 9. O-O a6 10. a4 Be6 11. f3 Rc8 12. Qd2 Bxb3 13. cxb3 Nd4 14. Bc4 Qd7
15. Rad1 b5 16. axb5 axb5 17. Bd5 Nxd5 18. Bxd4 Nxc3 19. Bxc3 Qa7+ 20. Kh1 Rc6
21. b4 Qa2 22. Qd5 Qc4 23. Qxc4 bxc4 24. Ra1 f5 25. g3 g6 26. Kg2 Kf7 27. Ra7
Ke6 28. Rfa1 Rb8 29. R7a6 Rcb6 30. Rxb6 Rxb6 31. Kf2 d5 32. exd5+ Kxd5 33. Ra5+
Kc6 34. Rxe5 Bxb4 35. Re6+ Kd5 36. Rxb6 Bc5+ 37. Ke2 Bxb6 38. h3 Bc7 39. g4
fxg4 40. hxg4 h5 41. gxh5 gxh5 42. Kf2 Be5 43. Kg2 Bxc3 44. bxc3 Ke5 45. Kg3
Kf5 46. f4 h4+ 47. Kf3 h3 48. Kg3 h2 49. Kxh2 Kxf4 50. Kg1 Ke3 51. Kf1 Kd2 0-1